000 00393nam a22001577a 4500
005 20180305105119.0
008 160526b xxu||||| |||| 00| 0 eng d
041 _aeng
082 _b5129
_a332
100 _aTarapre, S.S.
_91285
245 _aIssuey in financial sector Reforms
260 _aNew Delhi
_bAcademic Faundation
_c2001
300 _a222
650 _aManagement
_9241
942 _cBK
999 _c1793
_d1792